Histoire du drapeau du Mozambique - Statistiques

Statistiques générales
  • Ce quiz a été pris 11 fois
  • Le résultat moyen est 4 sur 14
Statistiques - réponses
Hint Réponse % Correct
Deuxième drapeau de la république populaire du Mozambique (1983)
60%
Neuvième drapeau du Mozambique portugais (1834-1910)
50%
Troisième drapeau de la république populaire du Mozambique (1983-1990) et Mozambique (depuis 1990)
50%
Premier drapeau de la république populaire du Mozambique (1975-1983)
50%
Dixième drapeau du Mozambique portugais (1910-1974)
40%
Onzième drapeau du Mozambique portugais (1974-1975)
30%
Cinquième drapeau du Mozambique portugais (1667-1706)
30%
Troisième drapeau du Mozambique portugais (1578-1640)
20%
Deuxième drapeau du Mozambique portugais (1521-1578)
10%
Quatrième drapeau du Mozambique portugais (1640-1667)
10%
Premier drapeau du Mozambique portugais (1498-1521)
10%
Sixième drapeau du Mozambique portugais (1706-1816)
10%
Septième drapeau du Mozambique portugais (1816-1826)
10%
Huitième drapeau du Mozambique portugais (1826-1834)
10%
Aucun quiz correspondant
Distribution des résultats
% des personnes avec chaque résultat
Percentile par nombre de réponses
Votre historique - résultats
Vous n’avez pas pris ce quiz